[Event "Lichtenberger Sommer 2019"]
[Site "Berlin"]
[Date "2019.08.23"]
[Round "7.50"]
[White "Seitz, Manuel"]
[Black "Stein, Siegfried"]
[Result "1-0"]
[WhiteElo "1764"]
[BlackElo "1852"]
[PlyCount "41"]
[EventDate "2019.??.??"]
[WhiteTeam "SC Falkensee"]
[BlackTeam "SV Berolina Mitte"]

1. e4 e5 2. Nf3 Nc6 3. Bc4 Bc5 4. d4 Bxd4 5. Nxd4 Nxd4 6. Be3 Nf6 7. Bxd4 exd4
8. Qxd4 d6 9. Nc3 O-O 10. O-O-O Bd7 11. h4 Qe7 12. f3 a6 13. g4 Bc6 14. h5 Nd7
15. h6 Qe5 16. hxg7 Qxg7 17. Qe3 Ne5 18. Be2 Rae8 19. Rh5 Re6 20. f4 Nd7 21. f5
1-0

[Event "Lichtenberger Sommer 2019"]
[Site "Berlin"]
[Date "2019.08.23"]
[Round "7.51"]
[White "Kievelitz, Bernd"]
[Black "Reck, Jessica"]
[Result "0-1"]
[WhiteElo "1850"]
[BlackElo "1649"]
[PlyCount "56"]
[EventDate "2019.??.??"]
[WhiteTeam "SC Zitadelle Spandau"]
[BlackTeam "SK König Tegel"]

1. Nf3 b6 2. g3 Bb7 3. Bg2 e6 4. O-O f5 5. d3 Nf6 6. Nc3 Be7 7. e4 fxe4 8. Ng5
O-O 9. Ngxe4 Nc6 10. Bg5 Nxe4 11. Bxe7 Nxc3 12. Bxd8 Nxd1 13. Bxc7 Nxb2 14.
Rab1 Na4 15. Bd6 Rfc8 16. c4 Nd8 17. Rfc1 Bxg2 18. Kxg2 Nf7 19. Bf4 Nc5 20. d4
Nd3 21. Rc3 Nxf4+ 22. gxf4 Rc6 23. c5 Kf8 24. a4 bxc5 25. dxc5 Rac8 26. Rb7
R8c7 27. Rb8+ Ke7 28. Rh3 Nh6 0-1

[Event "Lichtenberger Sommer 2019"]
[Site "Berlin"]
[Date "2019.08.23"]
[Round "7.52"]
[White "Jugert, Ole"]
[Black "Jeß, Arne"]
[Result "1-0"]
[WhiteElo "1739"]
[BlackElo "1842"]
[PlyCount "61"]
[EventDate "2019.??.??"]
[WhiteTeam "SK Zehlendorf"]
[BlackTeam "TSG Fredersdorf/Vogelsdorf"]

1. d4 d5 2. c4 e6 3. Nc3 Nf6 4. cxd5 exd5 5. Bg5 c6 6. e3 Bd6 7. Bd3 O-O 8.
Nge2 Re8 9. h3 h6 10. Bh4 a5 11. O-O Na6 12. Rc1 Nc7 13. Qc2 Ne6 14. Na4 Ng5
15. Nc5 Nfe4 16. Nxe4 dxe4 17. Bxg5 Qxg5 18. Bxe4 Be6 19. a3 f5 20. Bf3 Rf8 21.
Kh1 Qh4 22. e4 g5 23. e5 Be7 24. Rcd1 g4 25. Bxg4 Bd5 26. Bxf5 Bxg2+ 27. Kxg2
Qg5+ 28. Ng3 h5 29. h4 Qg7 30. Be6+ Kh8 31. Qe2 1-0

[Event "Lichtenberger Sommer 2019"]
[Site "Berlin"]
[Date "2019.08.23"]
[Round "7.53"]
[White "Morczynski, Joachim"]
[Black "Wimmer, Thomas"]
[Result "1/2-1/2"]
[WhiteElo "1701"]
[BlackElo "1841"]
[PlyCount "45"]
[EventDate "2019.??.??"]
[WhiteTeam "SK Zehlendorf"]
[BlackTeam "SK Marburg"]

1. e4 c6 2. d4 d5 3. e5 Bf5 4. h4 h5 5. Bd3 Bxd3 6. Qxd3 e6 7. Bg5 Qa5+ 8. Nd2
Qa6 9. Qxa6 Nxa6 10. c3 Be7 11. Ngf3 c5 12. Ke2 Nh6 13. Bxe7 Kxe7 14. Nb3 b6
15. Rac1 Rac8 16. a3 c4 17. Nbd2 Nb8 18. g3 Nc6 19. Ng1 Nf5 20. Nh3 a5 21. Nf4
b5 22. Ra1 g6 23. Nf3 1/2-1/2

[Event "Lichtenberger Sommer 2019"]
[Site "Berlin"]
[Date "2019.08.23"]
[Round "7.54"]
[White "Kandeler, Christian"]
[Black "Korell, Klaus-Peter"]
[Result "1-0"]
[WhiteElo "1650"]
[BlackElo "1816"]
[PlyCount "77"]
[EventDate "2019.??.??"]
[WhiteTeam "TSG Oberschöneweide"]
[BlackTeam "SG TT/Wiheil"]

1. e4 e6 2. d4 d5 3. Nc3 Bb4 4. e5 c5 5. a3 Bxc3+ 6. bxc3 Ne7 7. Nf3 Nbc6 8.
Be2 O-O 9. O-O h6 10. Re1 c4 11. a4 Kh7 12. Ba3 Rg8 13. a5 Ng6 14. Bb4 Bd7 15.
Qd2 f5 16. exf6 Qxf6 17. Bd6 Rad8 18. Ne5 Ngxe5 19. dxe5 Qf5 20. g4 Qg5 21. f4
Qg6 22. Rf1 Qf7 23. Rf3 g6 24. Rh3 Ne7 25. f5 g5 26. f6 Nc8 27. Bc5 Bc6 28. Be3
Qg6 29. Rf1 Rdf8 30. Rh5 b5 31. Rf3 d4 32. Bxg5 Qxh5 33. gxh5 Bxf3 34. Bxf3
Rxg5+ 35. Kf2 Rd8 36. Qf4 Rf8 37. Qe4+ Kg8 38. cxd4 a6 39. Qb7 1-0

[Event "Lichtenberger Sommer 2019"]
[Site "Berlin"]
[Date "2019.08.23"]
[Round "7.55"]
[White "Andresen, Marc"]
[Black "Matitschka, Johannes"]
[Result "1/2-1/2"]
[WhiteElo "1554"]
[BlackElo "1815"]
[PlyCount "117"]
[EventDate "2019.??.??"]
[WhiteTeam "SC Falkensee"]
[BlackTeam "TSG Oberschöneweide"]

1. Nf3 Nf6 2. g3 g6 3. Bg2 Bg7 4. O-O O-O 5. c4 c6 6. Nc3 d5 7. d4 Na6 8. e3
Bf5 9. a3 Qc8 10. Re1 Ne4 11. cxd5 Nxc3 12. bxc3 cxd5 13. Qb3 Be4 14. Bd2 Rb8
15. Rec1 b5 16. a4 Nc7 17. axb5 Rxb5 18. Qd1 Qb7 19. Bf1 Rb2 20. Be1 Ra8 21.
Nd2 Bf5 22. c4 e5 23. cxd5 Nxd5 24. Nc4 exd4 25. Nxb2 Qxb2 26. Bd3 dxe3 27.
Bxf5 Nc3 28. Bxc3 Bxc3 29. Qf3 Qxf2+ 30. Qxf2 exf2+ 31. Kxf2 Bxa1 32. Rxa1 gxf5
33. Ra5 Kg7 34. Kf3 Kg6 35. Kf4 f6 36. Ra6 h6 37. h3 Rb8 38. Rxa7 Rb4+ 39. Kf3
Rb1 40. Ra4 Kg5 41. Rc4 Rb2 42. Rd4 Rh2 43. h4+ Kg6 44. Ra4 Rh1 45. Kg2 Rb1 46.
Kf3 Kh5 47. Rf4 Rb5 48. Ra4 Re5 49. Rf4 Rc5 50. Ra4 Rc1 51. Rf4 Kg6 52. Ra4 Kf7
53. Ra7+ Kg6 54. Ra4 Re1 55. Rb4 Kh5 56. Rf4 Rf1+ 57. Ke3 Re1+ 58. Kf3 Re5 59.
Kf2 1/2-1/2

[Event "Lichtenberger Sommer 2019"]
[Site "Berlin"]
[Date "2019.08.23"]
[Round "7.56"]
[White "Lieder, Günter"]
[Black "Nimptsch, Nikolas"]
[Result "1-0"]
[WhiteElo "1815"]
[BlackElo "1500"]
[PlyCount "65"]
[EventDate "2019.??.??"]
[WhiteTeam "SK Turm Bad Hersfeld"]
[BlackTeam "Leegebrucher SF"]

1. e4 d5 2. exd5 Nf6 3. Bc4 Nxd5 4. Nf3 Bg4 5. h3 Bh5 6. d3 e6 7. O-O Be7 8.
Re1 O-O 9. a3 c6 10. Nbd2 Nd7 11. Ne4 N7f6 12. Ng3 Bg6 13. Ne5 Qc7 14. Nxg6
hxg6 15. Ne4 Nxe4 16. dxe4 Nb6 17. Bb3 Rfd8 18. Qg4 c5 19. c3 c4 20. Bc2 Qe5
21. Be3 Nd7 22. f4 Qh5 23. Qxh5 gxh5 24. Rad1 Bc5 25. Bd4 Rac8 26. e5 Bxd4+ 27.
Rxd4 Nb6 28. Red1 Rxd4 29. Rxd4 Nd5 30. Kf2 Rc5 31. Kf3 Rb5 32. Rxc4 Rxb2 33.
Rc8# 1-0

[Event "Lichtenberger Sommer 2019"]
[Site "Berlin"]
[Date "2019.08.23"]
[Round "7.57"]
[White "Badestein, Hartmut"]
[Black "Jansen, Robert"]
[Result "0-1"]
[WhiteElo "2042"]
[BlackElo "1746"]
[PlyCount "64"]
[EventDate "2019.??.??"]
[WhiteTeam "SC Friesen Lichtenberg"]
[BlackTeam "SC Kreuzberg"]

1. e4 e5 2. Nf3 Nc6 3. Bb5 a6 4. Ba4 b5 5. Bb3 Nf6 6. O-O d6 7. Qe2 Bg4 8. c3
Na5 9. h3 Bh5 10. Bc2 c5 11. d4 cxd4 12. cxd4 Nc6 13. g4 Nxg4 14. d5 Nh2 15.
Kxh2 Nd4 16. Nxd4 Bxe2 17. Nxe2 Rc8 18. Bd3 g5 19. Ng3 g4 20. Nf5 gxh3 21. Be3
Rg8 22. a4 Be7 23. Nd2 Bg5 24. Rg1 Rg6 25. Rxg5 Rxg5 26. Nxd6+ Qxd6 27. Bxg5 h6
28. Be3 f5 29. exf5 e4+ 30. f4 exd3 31. Ne4 Qb4 32. Ng3 Qxb2+ 0-1

[Event "Lichtenberger Sommer 2019"]
[Site "Berlin"]
[Date "2019.08.23"]
[Round "7.58"]
[White "Schubert, Joachim"]
[Black "Francois, Yannick"]
[Result "0-1"]
[WhiteElo "1923"]
[BlackElo "1745"]
[PlyCount "84"]
[EventDate "2019.??.??"]
[WhiteTeam "SC Friesen Lichtenberg"]
[BlackTeam "SC Falkensee"]

1. e4 c5 2. Nf3 Nc6 3. d4 cxd4 4. Nxd4 Nf6 5. Nc3 e5 6. Nde2 d6 7. h3 Be7 8.
Be3 Be6 9. Ng3 O-O 10. Be2 d5 11. exd5 Nxd5 12. Nxd5 Bxd5 13. O-O f5 14. f4 e4
15. Qc1 Qc7 16. a3 Be6 17. Rf2 Bf6 18. c3 g6 19. Qf1 Ne7 20. Kh2 Rad8 21. Rd1
Bb3 22. Rc1 Rd6 23. Bd1 Bc4 24. Be2 Bd3 25. Qg1 Rfd8 26. Rff1 b6 27. Rfd1 Bh4
28. Qf1 Qd7 29. Bd4 Bxg3+ 30. Kxg3 Bxe2 31. Qxe2 Nc6 32. Qc4+ Kf8 33. Qa6 Nxd4
34. cxd4 Rxd4 35. Rxd4 Qxd4 36. Rc3 Qd7 37. Qc4 Qd6 38. Qa6 g5 39. Qf1 Ke7 40.
h4 h6 41. Qc1 gxf4+ 42. Qxf4 Rg8+ 0-1

[Event "Lichtenberger Sommer 2019"]
[Site "Berlin"]
[Date "2019.08.23"]
[Round "7.59"]
[White "Scheide, Helmut"]
[Black "Caglar, Ertan"]
[Result "0-1"]
[WhiteElo "1921"]
[BlackElo "1724"]
[PlyCount "106"]
[EventDate "2019.??.??"]
[WhiteTeam "USV Potsdam"]
[BlackTeam "SW Lichtenrade"]

1. Nf3 Nf6 2. d4 c5 3. e3 g6 4. Be2 Bg7 5. O-O Qc7 6. Nc3 O-O 7. h3 a6 8. a4 d5
9. Bd2 Nbd7 10. Be1 b6 11. dxc5 Qxc5 12. Rb1 Bb7 13. b4 Qc7 14. a5 bxa5 15.
bxa5 Nc5 16. Nd4 e6 17. f3 Bh6 18. Bd2 Nh5 19. f4 Ng3 20. Rf3 Nxe2+ 21. Ncxe2
Ne4 22. Bb4 Rfc8 23. Qe1 Qd7 24. Qh4 Bg7 25. g4 f5 26. gxf5 exf5 27. Qe7 Qxe7
28. Bxe7 Rab8 29. Bb4 Kf7 30. Be1 Ba8 31. Rxb8 Rxb8 32. Nb3 Rc8 33. Nbd4 Bc6
34. Bc3 Ba4 35. Bb4 Bxc2 36. Nxc2 Rxc2 37. Nd4 Bxd4 38. exd4 Rc4 39. Ba3 Ra4
40. Rb3 Rxa5 41. Rb7+ Kg8 42. Rb8+ Kg7 43. Rb7+ Kf6 44. Bf8 Rb5 45. Rxh7 Rb1+
46. Kg2 Rb2+ 47. Kf3 Rb3+ 48. Ke2 Ng3+ 49. Kd2 Nh5 50. Ra7 Nxf4 51. Rxa6+ Kg5
52. Be7+ Kh5 53. Ra8 Rxh3 0-1

[Event "Lichtenberger Sommer 2019"]
[Site "Berlin"]
[Date "2019.08.23"]
[Round "7.60"]
[White "Hoffbauer, Jörg"]
[Black "Zubke, Carsten"]
[Result "0-1"]
[WhiteElo "1773"]
[BlackElo "1886"]
[PlyCount "60"]
[EventDate "2019.??.??"]
[WhiteTeam "SF 1903 Berlin"]
[BlackTeam "BSG Pneumant Fürstenwalde"]

1. e4 c6 2. d4 d5 3. Nc3 dxe4 4. Nxe4 Nd7 5. Nf3 Ngf6 6. Ng3 c5 7. d5 b6 8. Bb5
a6 9. Bc6 Rb8 10. c4 Qc7 11. O-O Bb7 12. Bxb7 Rxb7 13. Re1 b5 14. Nf5 Nb6 15.
d6 Qb8 16. dxe7 Rxe7 17. Nd6+ Qxd6 18. Rxe7+ Bxe7 19. Qe2 O-O 20. cxb5 axb5 21.
Bf4 Qxf4 22. Qxe7 Nfd5 23. Qxc5 Rc8 24. Qxb5 Rc1+ 25. Ne1 h6 26. Qe8+ Kh7 27.
Rxc1 Qxc1 28. Qe4+ g6 29. b3 Qd1 30. Qe3 Nxe3 0-1

[Event "Lichtenberger Sommer 2019"]
[Site "Berlin"]
[Date "2019.08.23"]
[Round "7.61"]
[White "Schneider, Eckehard"]
[Black "Hesselbarth, Karlheinz"]
[Result "1/2-1/2"]
[WhiteElo "1844"]
[BlackElo "1692"]
[PlyCount "40"]
[EventDate "2019.??.??"]
[WhiteTeam "SF 1903 Berlin"]
[BlackTeam "SC Zugzwang 95 (Berlin)"]

1. e4 c5 2. c3 e6 3. d4 d5 4. e5 Nc6 5. Nf3 Qb6 6. a3 Nge7 7. Be2 cxd4 8. cxd4
Nf5 9. Nc3 Ncxd4 10. Nxd4 Qxd4 11. O-O Be7 12. Bb5+ Bd7 13. Bxd7+ Kxd7 14. Qe2
Qc4 15. Qf3 Ke8 16. Rd1 Rd8 17. Bd2 h5 18. Rac1 Nh4 19. Qg3 Nf5 20. Qf3 Nh4
1/2-1/2

[Event "Lichtenberger Sommer 2019"]
[Site "Berlin"]
[Date "2019.08.23"]
[Round "7.63"]
[White "Glienke, Michael"]
[Black "Bergmann, Jens"]
[Result "0-1"]
[WhiteElo "1754"]
[BlackElo "1829"]
[PlyCount "66"]
[EventDate "2019.??.??"]
[WhiteTeam "SC Kreuzberg"]
[BlackTeam "SK Tempelhof 1931"]

1. d4 Nf6 2. Bf4 e6 3. Nf3 c5 4. e3 Nc6 5. Be2 d5 6. O-O Bd6 7. Bg5 Qb6 8. Bxf6
gxf6 9. b3 Bd7 10. c4 dxc4 11. Bxc4 cxd4 12. exd4 O-O-O 13. Nc3 Rhg8 14. Ne4
Be7 15. d5 exd5 16. Bxd5 Bf5 17. Qd3 Kb8 18. Qd2 Ka8 19. Rfe1 Be6 20. Qf4 Rxd5
21. Nxf6 Rf5 22. Qxf5 Rxg2+ 23. Kxg2 Bxf5 24. Nd5 Qd8 25. Nxe7 Nxe7 26. Rad1
Qg8+ 27. Kh1 Nc6 28. Re3 a6 29. Rde1 Ka7 30. Nd2 Qg4 31. Nc4 Be6 32. Rg3 Qd4
33. Ne3 Qd2 0-1

[Event "Lichtenberger Sommer 2019"]
[Site "Berlin"]
[Date "2019.08.23"]
[Round "7.64"]
[White "Bunkens, Rudi"]
[Black "Ziems, Michael"]
[Result "1/2-1/2"]
[WhiteElo "1724"]
[BlackElo "1820"]
[PlyCount "29"]
[EventDate "2019.??.??"]
[WhiteTeam "Koninklijke Gentse SK"]
[BlackTeam "SV Empor Berlin"]

1. d4 e6 2. c4 d5 3. Nc3 Nf6 4. cxd5 exd5 5. Bg5 Be7 6. e3 c6 7. Bd3 O-O 8. Qc2
h6 9. Bh4 Ng4 10. Bxe7 Qxe7 11. Nf3 Be6 12. O-O Nd7 13. Na4 Rac8 14. Nc5 Nxc5
15. Qxc5 1/2-1/2

[Event "Lichtenberger Sommer 2019"]
[Site "Berlin"]
[Date "2019.08.23"]
[Round "7.65"]
[White "Rehder, Frank"]
[Black "Wadepfuhl, Jeremy"]
[Result "1/2-1/2"]
[WhiteElo "1793"]
[BlackElo "1668"]
[PlyCount "120"]
[EventDate "2019.??.??"]
[WhiteTeam "SC Zugzwang 95 (Berlin)"]
[BlackTeam "Borussia Lichtenberg"]

1. d4 d5 2. Nf3 Bf5 3. e3 Nf6 4. b3 e6 5. Bb2 Be7 6. Bd3 Nbd7 7. O-O O-O 8. c4
c6 9. Nc3 Bxd3 10. Qxd3 Rc8 11. Rac1 Qa5 12. a3 h6 13. b4 dxc4 14. Qxc4 Qh5 15.
Ne2 Rfd8 16. Ng3 Qb5 17. e4 Nb6 18. Qc2 a5 19. bxa5 Qxa5 20. Ra1 Na4 21. Bc1 c5
22. Qb3 cxd4 23. Qxb7 Rc7 24. Qb1 Nc3 25. Bd2 Qa8 26. Bxc3 dxc3 27. Rc1 Rdc8
28. Ne1 Qa6 29. a4 Rb7 30. Qd3 Qxd3 31. Nxd3 Rd7 32. Ne5 Rd4 33. f3 Bd6 34. Ng4
Nxg4 35. fxg4 Bxg3 36. hxg3 Rxe4 37. a5 Rec4 38. Kf2 Kf8 39. Ke3 Ke7 40. a6 Ra8
41. Kd3 Rxg4 42. Kxc3 Rxg3+ 43. Kc4 Rg5 44. Rcb1 Rd5 45. Rb7+ Rd7 46. Kc5 Rxb7
47. axb7 Rb8 48. Kb6 f5 49. Ra8 Rxb7+ 50. Kxb7 e5 51. Kc6 Kf6 52. Kd5 e4 53.
Kd4 Kg5 54. Ke3 g6 55. Rg8 Kf6 56. g3 Kf7 57. Rb8 Kf6 58. g4 fxg4 59. Kxe4 Kg5
60. Rb5+ Kh4 1/2-1/2

[Event "Lichtenberger Sommer 2019"]
[Site "Berlin"]
[Date "2019.08.23"]
[Round "7.66"]
[White "Bandsom, Olaf"]
[Black "Gebhardt, Christine"]
[Result "1/2-1/2"]
[WhiteElo "1784"]
[BlackElo "1663"]
[PlyCount "155"]
[EventDate "2019.??.??"]
[WhiteTeam "SC Friesen Lichtenberg"]
[BlackTeam "Anastasias Matt"]

1. e4 e6 2. d4 d5 3. Nc3 Nf6 4. exd5 exd5 5. Bd3 c5 6. dxc5 Bxc5 7. Qe2+ Be6 8.
Bg5 O-O 9. Nf3 Nbd7 10. O-O-O Qa5 11. a3 Bxa3 12. Nb1 Bb4 13. Nd4 Rfe8 14. Nb3
Qc7 15. f3 h6 16. Be3 Rac8 17. Nd4 a6 18. Qf2 Nc5 19. c3 Ba5 20. Bc2 Bb6 21.
Ne2 Bd7 22. Bd4 Bb5 23. Rhe1 Bxe2 24. Rxe2 Rxe2 25. Qxe2 Qf4+ 26. Nd2 Ncd7 27.
g3 Qd6 28. Nb3 Bxd4 29. Rxd4 b5 30. Kb1 Re8 31. Qd1 Re3 32. Be4 Nxe4 33. Rxe4
Rxe4 34. fxe4 Nf6 35. exd5 Qxd5 36. Qxd5 Nxd5 37. Nc5 a5 38. Nb7 a4 39. Nd6 Nc7
40. Ka2 Kf8 41. Nf5 h5 42. Ka3 g6 43. Nd4 f5 44. Kb4 Ke7 45. Kc5 h4 46. Nf3
hxg3 47. hxg3 Ke6 48. Kc6 Nd5 49. Kxb5 a3 50. bxa3 Nxc3+ 51. Kc4 Nd5 52. Kd4
Nb6 53. Kc5 Nc8 54. a4 Kf6 55. a5 g5 56. Kd4 g4 57. Ne5 Na7 58. Nd7+ Ke7 59.
Ke5 Kxd7 60. Kxf5 Ke7 61. Kxg4 Kf6 62. Kh5 Kg7 63. Kg5 Nb5 64. a6 Na7 65. Kf5
Nb5 66. g4 Na7 67. Ke6 Kg6 68. Kd7 Kg5 69. Kc7 Kxg4 70. Kb7 Nb5 71. Kb6 Nd6 72.
Kc6 Nc8 73. Kb7 Nd6+ 74. Kc7 Nb5+ 75. Kb6 Nd6 76. a7 Nc8+ 77. Kb7 Nxa7 78. Kxa7
1/2-1/2

[Event "Lichtenberger Sommer 2019"]
[Site "Berlin"]
[Date "2019.08.23"]
[Round "7.67"]
[White "Schindler, Rudolf"]
[Black "Weber, Constanze"]
[Result "0-1"]
[WhiteElo "1780"]
[BlackElo "1490"]
[PlyCount "162"]
[EventDate "2019.??.??"]
[WhiteTeam "Lasker Steglitz-Wilmersdorf"]
[BlackTeam "SV Ruhrspringer"]

1. Nf3 c5 2. e4 Nc6 3. d3 g6 4. g3 Bg7 5. Bg2 d6 6. O-O Nf6 7. Nbd2 O-O 8. Re1
Ng4 9. a4 Bd7 10. Nc4 Nge5 11. Ne3 Rb8 12. Nxe5 Nxe5 13. f4 Nc6 14. c3 a6 15.
Rf1 b5 16. axb5 axb5 17. f5 b4 18. Bd2 Qb6 19. Nc4 Qc7 20. Qc1 Rfc8 21. Bh6 Bf6
22. fxg6 hxg6 23. Ne3 Be6 24. Nd5 Bxd5 25. exd5 Ne5 26. Be4 Qd7 27. Bg5 Kg7 28.
Bh6+ Kh7 29. Kg2 bxc3 30. bxc3 Qb5 31. c4 Qb2+ 32. Rf2 Qxc1 33. Bxc1 Ng4 34.
Rf4 Kg7 35. Ra2 Ne5 36. Bb2 Rxb2+ 37. Rxb2 Nxd3 38. Rc2 Ne1+ 39. Kf2 Nxc2 40.
Bxc2 Rb8 41. Ke2 Rb2 42. Kd3 Ra2 43. Re4 Ra1 44. Re2 Be5 45. Kd2 f5 46. Rg2 Ra2
47. Re2 Kf6 48. Ke1 Bd4 49. Kf1 g5 50. h3 Be5 51. Rf2 f4 52. h4 Ra3 53. hxg5+
Kxg5 54. gxf4+ Bxf4 55. Rg2+ Bg3 56. Re2 Kf6 57. Re6+ Kf7 58. Bg6+ Kg7 59. Bh5
Bh4 60. Be8 Bf6 61. Bb5 Kh6 62. Re4 Kg5 63. Bd7 Be5 64. Rg4+ Kf6 65. Bb5 Rc3
66. Ke2 e6 67. Bc6 Bd4 68. dxe6 Kxe6 69. Re4+ Kf5 70. Bd5 Rxc4 71. Re6 Rc3 72.
Rxd6 Ke5 73. Rd7 Be3 74. Bf7 Bg5 75. Rd5+ Kf6 76. Bg8 Re3+ 77. Kf2 Re8 78. Bh7
Re5 79. Rd6+ Ke7 80. Rd1 c4 81. Re1 Bh4+ 0-1

[Event "Lichtenberger Sommer 2019"]
[Site "Berlin"]
[Date "2019.08.23"]
[Round "7.68"]
[White "Ollek, Karl-Heinz"]
[Black "Manz, Andreas"]
[Result "1/2-1/2"]
[WhiteElo "1671"]
[BlackElo "1775"]
[PlyCount "79"]
[EventDate "2019.??.??"]
[WhiteTeam "SC Friesen Lichtenberg"]
[BlackTeam "BSV 63 Chemie Weißensee"]

1. c4 e6 2. Nc3 d5 3. e3 Nf6 4. d4 Be7 5. Nf3 O-O 6. Be2 a6 7. O-O dxc4 8. Bxc4
b5 9. Be2 Bb7 10. Ne5 Nbd7 11. Bf3 Bxf3 12. Nxf3 c5 13. dxc5 Nxc5 14. Qe2 Qc7
15. b4 Nce4 16. Nxe4 Nxe4 17. a3 Rac8 18. Bb2 Qc2 19. Qxc2 Rxc2 20. Bd4 Rfc8
21. Ne1 R2c4 22. Nd3 Nd2 23. Rfd1 Nb3 24. Ne5 Nxa1 25. Nxc4 Nc2 26. Nb6 Rd8 27.
Rc1 Nxa3 28. Bc5 Kf8 29. g3 Ke8 30. Bxe7 Kxe7 31. Rc7+ Kf6 32. Ra7 Nc2 33. Nd7+
Kg5 34. h4+ Kh6 35. Kg2 f6 36. Nc5 Rd6 37. Rxa6 Rxa6 38. Nxa6 Kg6 39. Nc7 Nxb4
40. Nxb5 1/2-1/2

[Event "Lichtenberger Sommer 2019"]
[Site "Berlin"]
[Date "2019.08.23"]
[Round "7.69"]
[White "Heinrich, Bert"]
[Black "Beyer, Nils"]
[Result "0-1"]
[WhiteElo "1575"]
[BlackElo "1832"]
[PlyCount "78"]
[EventDate "2019.??.??"]
[WhiteTeam "RW Neuenhagen"]
[BlackTeam "TG Wehlheiden"]

1. g4 d5 2. Bg2 Bxg4 3. c4 c6 4. Qb3 Qc7 5. Nc3 dxc4 6. Qxc4 Be6 7. Qa4 Nf6 8.
d3 Nbd7 9. Bf4 Qb6 10. Qc2 g6 11. Be3 Qc7 12. Nh3 Bg7 13. b4 Nd5 14. d4 Nxb4
15. Qa4 Nd5 16. Nxd5 Bxd5 17. f3 Nb6 18. Qc2 Nc4 19. Bf4 Qa5+ 20. Kf2 Bxd4+ 21.
Kg3 h5 22. Nf2 Be6 23. h4 Be5 24. Nd3 Ne3 25. Qc1 Bxf4+ 26. Nxf4 Nf5+ 27. Kf2
Qb6+ 28. Ke1 Qb4+ 29. Kf2 Rd8 30. Nd3 Qd4+ 31. Ke1 Qe3 32. Qc3 Nd4 33. Kf1
Qxe2+ 34. Kg1 Qe3+ 35. Kh2 O-O 36. Rhf1 Ne2 37. Qb2 Rxd3 38. Rae1 Qf4+ 39. Kh1
Qxh4+ 0-1

[Event "Lichtenberger Sommer 2019"]
[Site "Berlin"]
[Date "2019.08.23"]
[Round "7.70"]
[White "Wieczorek, Martin"]
[Black "Matitschka, Heinz"]
[Result "1/2-1/2"]
[WhiteElo "1565"]
[BlackElo "1930"]
[PlyCount "79"]
[EventDate "2019.??.??"]
[WhiteTeam "SK Dessau 93"]
[BlackTeam "TSG Oberschöneweide"]

1. d4 Nf6 2. c4 e6 3. g3 d5 4. Nf3 Bb4+ 5. Bd2 Be7 6. Bg2 O-O 7. O-O Nbd7 8.
Bf4 c6 9. Nbd2 Nh5 10. Be3 f5 11. Nb3 f4 12. Bd2 Ndf6 13. Ne5 Ne4 14. g4 Nxd2
15. Qxd2 Nf6 16. Qxf4 Nd7 17. Qe3 Nxe5 18. dxe5 Bd7 19. c5 Be8 20. Rac1 g5 21.
Nd4 Qd7 22. Qg3 Bg6 23. e3 Rf7 24. b4 a5 25. b5 Bd3 26. bxc6 bxc6 27. Rfd1 Bc4
28. f4 gxf4 29. exf4 Bxc5 30. Kh1 Bxd4 31. Rxd4 Be2 32. Rd2 Bb5 33. Rdc2 Raf8
34. Rf2 Kh8 35. Re1 Rg7 36. Qa3 Rfg8 37. h3 Qa7 38. Rf3 h5 39. g5 c5 40. h4
1/2-1/2

[Event "Lichtenberger Sommer 2019"]
[Site "Berlin"]
[Date "2019.08.23"]
[Round "7.71"]
[White "Theilig, Reinhard"]
[Black "Woinowski, Michael"]
[Result "0-1"]
[WhiteElo "1560"]
[BlackElo "1768"]
[PlyCount "66"]
[EventDate "2019.??.??"]
[WhiteTeam "VfB Hermsdorf"]
[BlackTeam "SC Kreuzberg"]

1. Nf3 d5 2. c4 Nf6 3. cxd5 Nxd5 4. g3 c6 5. Bg2 Bf5 6. O-O Nd7 7. d3 N5b6 8.
b3 e5 9. Nbd2 Bd6 10. Bb2 O-O 11. Re1 Be6 12. Qc2 f5 13. Rad1 Qf6 14. Bc3 Rae8
15. Nc4 Bc7 16. Qb2 Bd5 17. e4 Bf7 18. exf5 Bh5 19. h3 Bxf3 20. Bxf3 Qxf5 21.
Bg4 Qg5 22. Bb4 c5 23. Bc3 h5 24. Be2 Nd5 25. Bd2 Qf5 26. Rf1 Qxh3 27. Qc1 h4
28. Be1 Rf6 29. Qg5 hxg3 30. Qxg3 Qh7 31. Qg2 Rg6 32. Bg4 Nf4 33. Qg3 e4 0-1

[Event "Lichtenberger Sommer 2019"]
[Site "Berlin"]
[Date "2019.08.23"]
[Round "7.72"]
[White "Caglar, Erdal"]
[Black "Vollmar, Torsten"]
[Result "0-1"]
[WhiteElo "1514"]
[BlackElo "1764"]
[PlyCount "136"]
[EventDate "2019.??.??"]
[WhiteTeam "SW Lichtenrade"]
[BlackTeam "BSV 63 Chemie Weißensee"]

1. d4 d5 2. Nf3 Nf6 3. Bf4 e6 4. e3 c5 5. Ne5 Nbd7 6. Bb5 a6 7. Bxd7+ Nxd7 8.
Nxd7 Bxd7 9. c3 cxd4 10. exd4 Be7 11. Nd2 O-O 12. O-O Qb6 13. Qb3 Qxb3 14. axb3
g5 15. Bg3 f5 16. f4 g4 17. b4 Kf7 18. Nb3 b6 19. Nc1 Bb5 20. Rd1 h5 21. Bf2 h4
22. Be3 Ra7 23. Nd3 Bxd3 24. Rxd3 Rfa8 25. b3 b5 26. Rd2 Rc8 27. Rc2 Bxb4 28.
Bd2 a5 29. Rac1 Bd6 30. Kf1 b4 31. cxb4 Rxc2 32. Rxc2 Bxb4 33. Ke2 Bxd2 34.
Kxd2 Rb7 35. Rc3 Rb4 36. Ke3 Ke7 37. Kd3 Kd7 38. Ke3 a4 39. bxa4 Rxa4 40. Rc2
Rc4 41. Ra2 Rc1 42. g3 h3 43. Kd3 Rg1 44. Rc2 Rg2 45. Re2 Kc6 46. Rxe6+ Kb5 47.
Re5 Rxh2 48. Rxd5+ Kc6 49. Rxf5 Rg2 50. Rc5+ Kd6 51. Ke4 Rxg3 52. Rh5 Rg2 53.
Rh6+ Ke7 54. f5 h2 55. f6+ Kf7 56. Kf5 g3 57. Rh7+ Kg8 58. Kg6 Rf2 59. Ra7
Rxf6+ 60. Kxf6 h1=Q 61. Rg7+ Kh8 62. Rxg3 Qh4+ 63. Rg5 Qxd4+ 64. Re5 Kh7 65.
Ke6 Kg6 66. Rf5 Qe4+ 67. Re5 Qc6+ 68. Ke7 Qf6+ 0-1

[Event "Lichtenberger Sommer 2019"]
[Site "Berlin"]
[Date "2019.08.23"]
[Round "7.73"]
[White "Pöltelt, Helmut"]
[Black "Wahner, Eberhard"]
[Result "1-0"]
[WhiteElo "1746"]
[BlackElo "1592"]
[PlyCount "103"]
[EventDate "2019.??.??"]
[WhiteTeam "SC Eintracht Berlin"]
[BlackTeam "SC Eintracht Berlin"]

1. e4 e6 2. d4 d5 3. Nd2 c5 4. exd5 exd5 5. Bb5+ Nc6 6. Qe2+ Be6 7. dxc5 Bxc5
8. Nb3 Bd6 9. Nf3 Nge7 10. Bg5 O-O 11. Nfd4 Qd7 12. Nxe6 Qxe6 13. O-O Qe5 14.
Qxe5 Bxe5 15. c3 h6 16. Be3 Rfd8 17. Rad1 a6 18. Bd3 b5 19. a3 Rac8 20. Bb6 Bc7
21. Bc5 Bd6 22. Bb6 Bc7 23. Be3 Ne5 24. Be2 Nc4 25. Bc1 Bb6 26. Bf3 Ne5 27. Be2
Nc4 28. Rfe1 Kf8 29. Bf3 a5 30. Nd4 Bxd4 31. Rxd4 Nb6 32. Be2 Nc4 33. Bf3 Nb6
34. g4 f6 35. h4 Nc6 36. Rf4 Ne5 37. Be2 Ng6 38. Rd4 Nxh4 39. f4 Re8 40. Kf2
Ng6 41. Bxb5 Rxe1 42. Kxe1 Ne7 43. Kf2 Nc4 44. b3 Nd6 45. Ba4 Rxc3 46. Bd2 Ne4+
47. Rxe4 Rc2 48. Re2 d4 49. Bxa5 d3 50. Rxc2 dxc2 51. Bd2 Nd5 52. b4 1-0

[Event "Lichtenberger Sommer 2019"]
[Site "Berlin"]
[Date "2019.08.23"]
[Round "7.75"]
[White "Kirves, Martin"]
[Black "Kellner, René"]
[Result "1/2-1/2"]
[WhiteElo "1498"]
[BlackElo "1700"]
[PlyCount "64"]
[EventDate "2019.??.??"]
[WhiteTeam "BSC Rehberge"]
[BlackTeam "Potsdamer SV"]

1. d4 Nf6 2. c4 g6 3. Nc3 Bg7 4. Nf3 d6 5. Bg5 O-O 6. e3 Nbd7 7. Be2 c5 8. d5
a6 9. O-O Rb8 10. Qc2 Ne8 11. Rfd1 Ndf6 12. a3 Nc7 13. Rac1 Bd7 14. b4 b5 15.
bxc5 dxc5 16. Ne5 Be8 17. Nc6 Bxc6 18. dxc6 Qe8 19. cxb5 axb5 20. Bf3 e6 21.
Bxf6 Bxf6 22. Rd7 Rc8 23. Ne4 Be7 24. Nxc5 Nd5 25. Ne4 Qxd7 26. cxd7 Rxc2 27.
Rxc2 Bxa3 28. Rc8 Be7 29. Nd6 Nb6 30. Rxf8+ Kxf8 31. Nc8 Nxd7 32. Bc6 Nc5
1/2-1/2

[Event "Lichtenberger Sommer 2019"]
[Site "Berlin"]
[Date "2019.08.23"]
[Round "7.76"]
[White "Moeller, Jared William"]
[Black "Abraham, Helmut"]
[Result "1-0"]
[WhiteElo "1693"]
[BlackElo "1468"]
[PlyCount "73"]
[EventDate "2019.??.??"]
[WhiteTeam "SV Glückauf Rüdersdorf"]
[BlackTeam "SC Kreuzberg"]

1. e4 c5 2. Nf3 d6 3. d4 cxd4 4. Nxd4 Nf6 5. Nc3 a6 6. g3 Bg4 7. Nde2 Nc6 8.
Bg2 Ne5 9. h3 Bf3 10. O-O e6 11. Bxf3 Nxf3+ 12. Kg2 Ne5 13. f4 Ng6 14. Nd4 Be7
15. f5 exf5 16. Nxf5 O-O 17. Bg5 Re8 18. Qd4 h6 19. Nxe7+ Qxe7 20. Bxf6 gxf6
21. Rxf6 Ne5 22. Qxd6 Rad8 23. Qxe7 Rd2+ 24. Rf2 Rxf2+ 25. Kxf2 Rxe7 26. Rd1
Nd7 27. Nd5 Re6 28. Rd4 Kg7 29. Nf4 Re7 30. c4 Nc5 31. Kf3 Kf6 32. Nd5+ Ke5 33.
Nxe7 Kxd4 34. Nf5+ Kxc4 35. Nxh6 Kd4 36. Nxf7 Nxe4 37. h4 1-0